| 000 | 00520cam a22001337a 4500 | ||
|---|---|---|---|
| 008 | 180718b1965 xxu||||| |||| 00| 0 eng d | ||
| 082 | _aR6:T216x54 In2b | ||
| 245 |
_aReport on survey of labour conditions in bolts, nuts, nails, springs and chains factories in India _cby Labour Bureau, Ministry of Labour |
||
| 260 |
_aDelhi _bThe Manager of Publications _c1965 |
||
| 300 | _a50p. | ||
| 650 | _aWork environment - India | ||
| 650 | _aBolts and nuts industries - India | ||
| 700 | _aIndia. Ministry of Labour. Labour Bureau | ||
| 999 |
_c486796 _d486796 |
||